000 00565nam a2200181Ia 4500
008 151018s9999 xx 000 0 und d
082 _bRBASDV38253
_a891.463
100 _aराजाध्यक्ष - विजया
245 _aअधांतर
250 _b1
260 _bपुणे प्रकाशन
_c1965
300 _a238
600 _aराजाध्यक्ष - विजया
630 _aअधांतर
700 _aराजाध्यक्ष - विजया
730 _aअधांतर
942 _cBOOK
999 _c1037662
_d1037659